| 000 | 01530cam a22003855i 4500 | ||
|---|---|---|---|
| 999 |
_c27931 _d27902 |
||
| 001 | 016899136 | ||
| 003 | EG-ScBUE | ||
| 005 | 20191221125812.0 | ||
| 008 | 140730s2014 ua f d 000 f eng d | ||
| 020 | _a9789774166600 (paperback) | ||
| 040 |
_aStDuBDS _beng _erda _cStDuBDS _dUk _dEG-ScBUE |
||
| 041 | 1 |
_aeng _hara |
|
| 082 | 0 | 4 |
_a892.737 _bABD _222 |
| 100 | 1 |
_aʿAbd al-Majīd, Bahāʾ, _eauthor. |
|
| 240 | 1 | 0 |
_aKhammārat al-maʻbad. _lEnglish |
| 245 | 1 | 0 |
_aTemple bar / _cBahaa Abdelmegid ; translated by Jonathan Wright. |
| 246 | 3 | 4 |
_aTemple bar : _ba novel |
| 264 | 1 |
_aCairo ; _aNew York : _bThe American University in Cairo Press, _c2014. |
|
| 300 |
_a212 pages ; _c23 cm. |
||
| 336 |
_atext _btxt _2rdacontent |
||
| 337 |
_aunmediated _bn _2rdamedia |
||
| 338 |
_avolume _bnc _2rdacarrier |
||
| 490 | 0 | _aModern Arabic literature | |
| 500 | _a"Dar el Kutub no. 23354/13"--Title page verso. | ||
| 500 | _a"First published in Arabic in 2011 by Dar Merit as Khammārat al-maʻbad protected under the Berne Convention" --Title page verso. | ||
| 520 | _aA journey of self-discovery between Cairo and Dublin. | ||
| 546 | _aText in English; translated from original Arabic. | ||
| 650 | 7 |
_aEgyptians _zIreland _zDublin _vFiction. _2BUEsh |
|
| 650 | 7 |
_aVoyages and travels _vFiction. _2BUEsh _929899 |
|
| 651 | 7 |
_aDublin (Ireland) _vFiction. _2BUEsh |
|
| 653 |
_bHHUUEENN _bGGEN _cDecember2019 |
||
| 700 | 1 |
_aWright, Jonathan, _d1953- _etranslator. |
|
| 942 |
_2ddc _cBB |
||